000
00185 a2200097 4500
001
9662
100
_a
Firsoff
245
_a
The Moon
260
_a
_b
Hutchinson
_c
090
_c
7696
_d
7696
942
_a
NUST-CAE
_c
M
_c
34373
999
_c
244735
_d
244735